Koncentrácia vedecko-výskumných kapacít ako východisko pre budúce inovačné aktivity

Salvato in:
Dettagli Bibliografici
Autore principale: Spišák, Emil
Altri autori: Spišáková, Emília, 1983-
Natura: Capitolo di libro
Lingua:slovacco
Tags: Aggiungi Tag
Nessun Tag, puoi essere il primo ad aggiungerne!!

MARC

LEADER 00000naa$a2200000$$$4500
001 0164985
005 20240614080153.9
041 0 |a slo 
044 |a SK 
245 1 0 |a Koncentrácia vedecko-výskumných kapacít ako východisko pre budúce inovačné aktivity  |c Emil Spišák, Emília Spišáková 
500 |a Abstrakt 
100 1 |a Spišák, Emil 
700 1 |a Spišáková, Emília, 1983-